| 000 | 00472nam a2200169 i 4500 | ||
|---|---|---|---|
| 001 | 30395 | ||
| 003 | ES-MaACL | ||
| 005 | 20230906154204.0 | ||
| 007 | t| | ||
| 008 | 030124s1859 fr ||||1| fre d | ||
| 100 | 1 |
_aBautain, Louis Eugène Marie. _926616 |
|
| 245 | 1 | 2 |
_aL'esprit humain et ses facultés / _cpar M.L. Bautain. |
| 250 | _anouvelle ed. | ||
| 260 |
_aParís : _bDidier, _c1859 ( _fP.A. Bourdier) |
||
| 300 |
_a2 t. ; _c18 cm. |
||
| 852 |
_aES-MaACL _jD-2036-37 |
||
| 999 |
_c30395 _d30395 |
||